00924nam a2200253 a 450000100060000000300080000600500170001400800410003103500190007204000320009104100080012308200260013110000240015724500510018126000520023230000280028449000670031250400250037965000200040483000740042494200120049899900170051095201430052773858BD-RjUL20211209082444.0170613s1967 enka 000 0 eng d a(BD-RjUL)74076 aUKMcUKMdOCLdBD-RjULbeng aeng0 a530.425223bTHP 19671 aThain, J. F.95081910aPrinciples of osmotic phenomena /cJ.F. Thain. aLondon :bRoyal Institute of Chemistry,cc1967. a69 p. :bill. ;c22 cm.1 aRoyal Institute of Chemistry monographs for teachers ;vno. 13 aBibliography: p. 69. 0aOsmosis.933293 0aRoyal Society of Chemistry monographs for teachers ;vno. 13.9218715 2ddccBK c73858d73858 00102ddc40718NFICaRUCLbRUCLcReadingd1986-01-15eToppan- Tulipg4.40l0o530.425 THP 1967r2017-06-13 00:00:00tC-1w2017-06-13yBK